Nilpferd und Krokodil : das Tier in der Kunst des alten Ägypten /

محفوظ في:

المؤلف الرئيسي: Wildung, Dietrich (مؤلف)

التنسيق: كتاب

اللغة: German

منشور في: München : Staatliche Sammlung Ägyptischer Kunst, 1987.

سلاسل: Schriften aus der Agyptischen Sammlung ; 4.
SAS ; 4.

الموضوعات:

الوسوم: إضافة وسم

لا توجد وسوم, كن أول من يضع وسما على هذه التسجيلة!

رقم الطلب: DT59 .M84 v.4

LEADER 01349namaa2200325 4500
001 24027
003 OSt
005 20220122093515.0
008 130303s1987 gw a g bc 000 0 ger d
952 |0 0  |1 0  |2 lcc  |3 V.4  |4 0  |6 DT0059 M84 V.00004  |7 1  |9 24447  |a ARCE  |b ARCE  |d 2022-01-22  |l 0  |o DT59 .M84 v.4  |p 1014028  |r 2022-01-22 00:00:00  |w 2022-01-22  |y BK 
999 |c 20933  |d 20933 
020 |a 387490910X 
040 |c ARCE Library 
043 |a f-ua---  
050 4 |a DT59 .M84 v.4  |b   
100 1 |a Wildung, Dietrich,   |e author 
245 1 0 |a Nilpferd und Krokodil :   |b das Tier in der Kunst des alten Ägypten /   |c Dietrich Wildung.  
264 1 |a München :   |b Staatliche Sammlung Ägyptischer Kunst,   |c 1987.  
300 |a 24 pages :   |b illustrations (chiefly color) ;   |c 28 cm.  
490 1 |a Schriften aus der Agyptischen Sammlung ;   |v 4. 
490 1 |a SAS ;   |v 4. 
500 |a Catalog of an exhibition held in München, Staatliche Sammlung Ägyptischer Kunst, July 12-Sept. 6, 1987; and Iphofen, Knauf-Museum, Sept. 13-Nov. 1, 1987. 
504 |a Includes bibliographical references (p. 22). 
650 0 |a Animals in art  |v Exhibitions.  
650 0 |a Animal sculpture  |z Egypt  |v Exhibitions.  
651 0 |a Egypt  |x Antiquities  |v Exhibitions.  
830 0 |a Schriften aus der Agyptischen Sammlung ;   |v 4. 
830 0 |a SAS ;   |v 4. 
901 |a reviewed 
942 |c BK  |2 lcc